¿En qué país está? - Estadísticas

Estadísticas generales
  • Esta prueba ha sido intentada 91 veces
  • La puntuación promedio es 25 de 53
Estadísticas de respuestas
Ciudad País % Correcto
Sevilla España
93%
Rosario Argentina
91%
Santo Domingo República Dominicana
83%
Boston Estados Unidos
80%
Ulán Bator Mongolia
80%
Recife Brasil
76%
Mérida España/México/Venezuela
76%
Montreal Canadá
75%
Reikiavik Islandia
75%
Vigo España
73%
Ciudad Juárez México
72%
Zagreb Croacia
71%
Honolulu Estados Unidos
69%
Teherán Irán
69%
Manaos Brasil
68%
Palermo Italia
68%
Cali Colombia
67%
Malmö Suecia
67%
Ávila España
65%
Belo Horizonte Brasil
59%
Puerto Príncipe Haití
59%
Cantón China
55%
Puerto España Trinidad y Tobago
53%
Winnipeg Canadá
49%
Jartum Sudán
48%
Acra Ghana
47%
Fez Marruecos
47%
Perth Australia
44%
Uagadugú Burkina Faso
44%
Sapporo Japón
43%
Libreville Gabón
41%
Kazán Rusia
41%
Malé Maldivas
40%
Banjul Gambia
35%
Ngerulmud Palaos
35%
Kigali Ruanda
35%
Jinan China
33%
Mbabane Esuatini
33%
Majuro Islas Marshall
31%
Orán Argelia
29%
Los Cabos México
27%
Harbin China
23%
Ciudad de Benín Nigeria
23%
Surabaya Indonesia
19%
Chittagong Bangladés
16%
Medan Indonesia
16%
Gaziantep Turquía
16%
Mashhad Irán
15%
Mbuji-Mayi República Democrática del Congo
13%
Bulawayo Zimbabue
12%
Pointe-Noire República del Congo
11%
Ipoh Malasia
9%
Kitwe Zambia
9%
No se encontraron pruebas coincidentes
Distribución de puntuación
Porcentaje de gente con cada puntuación
Porcentaje por número respondido
Historial de tus puntuaciones
No has intentado esta prueba.